[Event "I American Continental"]
[Site "Cali COL"]
[Date "2001.08.18"]
[Round "9"]
[White "Gulko,B"]
[Black "Ricardi,P"]
[Result "1-0"]
[WhiteElo "2602"]
[BlackElo "2545"]

1.c4 Nf6 2.Nc3 c5 3.Nf3 d5 4.cxd5 Nxd5 5.d4 Nxc3 6.bxc3 g6 7.e3 Bg7 8.Bd3 O-O
9.O-O Nc6 10.Rb1 Rb8 11.Ba3 cxd4 12.cxd4 Qa5 13.Qc1 Bd7 14.Qc5 Qd8 15.Rfc1 Re8
16.Qc2 Be6 17.Ng5 Bd5 18.Ne4 e5 19.Nd6 Re6 20.Nxb7 Qg5 21.e4 Nxd4 22.Qc7 Ree8
23.exd5 Nf3+ 24.Kh1 Qf4 25.g3 Qh6 26.Kg2 e4 27.Bxe4 Ng5 28.Nd6 Rxb1 29.Rxb1 Qh3+
30.Kg1 Rxe4 31.Rb8+ Bf8 32.Rxf8+ Kg7 33.Rxf7+  1-0

[Event "VI Cup IM"]
[Site "Paks HUN"]
[Date "2001.08.18"]
[Round "1"]
[White "Krutti,V"]
[Black "Szabo,K"]
[Result "0-1"]
[WhiteElo "2385"]
[BlackElo "2191"]

1.Nf3 Nf6 2.c4 e6 3.Nc3 c5 4.g3 b6 5.Bg2 Bb7 6.O-O Be7 7.d4 cxd4 8.Qxd4 d6
9.Bg5 a6 10.Rad1 Nbd7 11.Qd2 O-O 12.Bf4 e5 13.Bg5 Qc7 14.Rc1 Rac8 15.b3 Nc5
16.Bxf6 Bxf6 17.Rfd1 Rfd8 18.Bh3 Rb8 19.Nd5 Bxd5 20.cxd5 a5 21.a3 Qe7 22.Qa2 a4
23.b4 Nb3 24.Rc2 e4 25.Ne1 Qe5 26.Rc7 Nd4 27.Bd7 Qe7 28.e3 Nf3+  0-1

[Event "WJun"]
[Site "Athens GRE"]
[Date "2001.08.19"]
[Round "4"]
[White "Bunzmann,D"]
[Black "Guidarelli,L"]
[Result "1/2-1/2"]
[WhiteElo "2509"]
[BlackElo "2323"]

1.Nf3 c5 2.c4 Nf6 3.Nc3 g6 4.g3 b6 5.Bg2 Bb7 6.O-O Bg7 7.e3 O-O 8.d4 cxd4
9.exd4 Qc8 10.Qe2 d5 11.cxd5 Nxd5 12.Nxd5 Bxd5 13.Qxe7 Nc6 14.Qe3 Rd8  1/2-1/2

[Event "Rubinstein Open"]
[Site "Polanica Zdroj POL"]
[Date "2001.08.19"]
[Round "4"]
[White "Hudziak,P"]
[Black "Frackowiak,S"]
[Result "1/2-1/2"]
[WhiteElo "2190"]
[BlackElo "2127"]

1.c4 Nf6 2.Nc3 c5 3.Nf3 b6 4.e4 d6 5.d3 e6 6.g3 Be7 7.Bg2 Bb7 8.O-O O-O 9.Ne1 Nc6
10.Nc2 Rb8 11.f4 a6 12.a4 Nd4 13.Ne3 Bc6 14.g4 Re8 15.g5 Nd7 16.h4 Bf8 17.f5 Ne5
18.f6 b5 19.fxg7 Bxg7 20.axb5 axb5  1/2-1/2

[Event "WJun"]
[Site "Athens GRE"]
[Date "2001.08.21"]
[Round "6"]
[White "Simutowe,A"]
[Black "Carlsson,P"]
[Result "1-0"]
[WhiteElo "2462"]
[BlackElo "2330"]

1.Nf3 c5 2.c4 Nf6 3.Nc3 b6 4.d4 cxd4 5.Nxd4 Bb7 6.f3 d6 7.e4 e6 8.Be3 a6
9.Qd2 Be7 10.Be2 O-O 11.O-O Nbd7 12.Rac1 Rc8 13.Rfd1 Qc7 14.Bf1 Qb8 15.b4 Rfe8
16.a3 Bd8 17.Nb3 Bc7 18.g3 Ne5 19.Qf2 d5 20.cxd5 exd5 21.Nxd5 Bxd5 22.exd5 Neg4
23.fxg4 Nxg4 24.Qf3 Nxe3 25.d6 Nxd1 26.d7 Ne3 27.Bxa6 Rcd8 28.dxe8=Q+ Rxe8
29.Bb5 Re7 30.Rc3 g6 31.Rxe3 Be5 32.Kg2  1-0

[Event "Open"]
[Site "Feffernitz AUT"]
[Date "2001.08.21"]
[Round "4"]
[White "Callam,H"]
[Black "Martinovic,S"]
[Result "0-1"]
[WhiteElo "2177"]
[BlackElo "2436"]

1.Nf3 Nf6 2.c4 g6 3.Nc3 c5 4.e4 Nc6 5.d4 cxd4 6.Nxd4 d6 7.Be2 Nxd4 8.Qxd4 Bg7
9.Be3 O-O 10.Qd2 Be6 11.Bd4 Rc8 12.b3 Qa5 13.Rd1 Nd7 14.O-O Bxd4 15.Qxd4 Nf6
16.Rd2 a6 17.Nd5 Bxd5 18.exd5 Rfe8 19.Rfd1 Rc7 20.Qf4 Qb4 21.Rd3 b5 22.Rh3 Qa3
23.Qd4 Rec8 24.Re1 a5 25.Re3 Qb4 26.Qd1 Kf8 27.Bd3 a4 28.Qe2 axb3 29.axb3 Kg7
30.g4 bxc4 31.Bxc4 h6 32.h4 Rxc4 33.bxc4 Rxc4 34.g5 hxg5 35.hxg5 Rg4+ 36.Rg3 Rxg3+
37.fxg3 Nxd5 38.Qe4 Qd2 39.Re2 Qxg5  0-1

[Event "IV Pyramiden-Franken"]
[Site "Fuerth GER"]
[Date "2001.08.21"]
[Round "4"]
[White "Lobron,E"]
[Black "Kraft,V"]
[Result "1/2-1/2"]
[WhiteElo "2524"]
[BlackElo "2270"]

1.Nf3 Nf6 2.c4 c5 3.Nc3 g6 4.d4 cxd4 5.Nxd4 Bg7 6.e4 Nc6 7.Be3 Ng4 8.Qxg4 Nxd4
9.Qd1 Ne6 10.Rc1 Qa5 11.Bd3 b6 12.O-O Bb7 13.f4 Rc8 14.Rf2 Bd4 15.Bxd4 Nxd4
16.a3 Qh5 17.Qe1 Nb3 18.Rd1 Nc5 19.Be2 Qh6 20.Bg4 Qh4 21.Bh3 Rd8 22.Qe3 O-O
23.b4 Ne6 24.Nd5 Rfe8 25.Rd3 Kg7 26.f5 Bxd5 27.exd5 Ng5 28.Rd4 Nxh3+ 29.gxh3 Qh5
30.Re4 Kf8 31.Qd4 Kg8 32.fxg6 hxg6 33.Rh4 Qg5+ 34.Kf1 Qc1+ 35.Ke2 e5 36.dxe6 Rxe6+
37.Kf3 Qh1+ 38.Kg3 Qg1+ 39.Kf3 Qh1+ 40.Kg3 Qg1+ 41.Kf3 Qh1+  1/2-1/2

[Event "21st Open"]
[Site "Bratto ITA"]
[Date "2001.08.24"]
[Round "3"]
[White "Caoili,A"]
[Black "Mantovani,R"]
[Result "1/2-1/2"]
[WhiteElo "2152"]
[BlackElo "2372"]

1.Nf3 Nf6 2.c4 c5 3.Nc3 g6 4.g3 Bg7 5.Bg2 O-O 6.O-O Nc6 7.d4 cxd4 8.Nxd4 Nxd4
9.Qxd4 d6 10.Qd3 a6 11.Bf4 Bf5 12.e4 Be6 13.Rac1 Qa5 14.b3 Rfc8 15.Nd5 Nxd5
16.exd5 Bd7 17.Bg5 Re8 18.Rfe1 Bf6 19.Qd2 Qa3 20.Be3 Rac8 21.Bb6 Bf5 22.Be4 Bg4
23.Bg2 h5 24.h4 Kh7 25.Kh2 Bg7 26.Rc2 Bh6 27.Qc3 Bg7 28.Qd2 Bh6 29.Qc3 Bg7  1/2-1/2

[Event "21st Open"]
[Site "Bratto ITA"]
[Date "2001.08.28"]
[Round "7"]
[White "Pantaleoni,C"]
[Black "Bresciani,N"]
[Result "1-0"]
[WhiteElo "2205"]
[BlackElo "2278"]

1.c4 Nf6 2.Nc3 c5 3.Nf3 b6 4.d4 cxd4 5.Nxd4 Bb7 6.f3 e6 7.e4 d6 8.Be3 a6
9.Be2 Nbd7 10.O-O Be7 11.Qd2 O-O 12.Rfd1 Rc8 13.Rac1 Qc7 14.a3 Rfe8 15.b4 Qb8
16.Nb3 h6 17.Bf1 Bf8 18.Bf4 Ne5 19.Na4 Bc6 20.b5 axb5 21.cxb5 Ba8 22.Qf2 Ned7
23.Be3 Nc5 24.Naxc5 dxc5 25.Nd2 Bd6 26.g3 Bc7 27.Nc4 Nh5 28.Bh3 Rf8 29.a4 Rfd8
30.Qc2 Nf6 31.Rxd8+ Rxd8 32.Rd1 Nd7 33.Qc3 Kh8 34.Bxh6 f6 35.Be3 Ne5 36.Rxd8+ Qxd8
37.Nxe5 Qd1+ 38.Kf2 Bxe5 39.Qd2 Qxd2+ 40.Bxd2 Bd4+ 41.Ke2 e5 42.Be6 g5 43.Kd3 Bb7
44.Kc4 Kg7 45.Bd5 Bxd5+ 46.exd5 Kf7 47.a5  1-0

[Event "ADCF Masters"]
[Site "Abu Dhabi UAE"]
[Date "2001.08.30"]
[Round "6"]
[White "Volzhin,A"]
[Black "Vakhidov,T"]
[Result "1/2-1/2"]
[WhiteElo "2524"]
[BlackElo "2474"]

1.Nf3 Nf6 2.c4 c5 3.Nc3 d5 4.cxd5 Nxd5 5.e4 Nb4 6.Bc4 Nd3+ 7.Ke2 Nf4+ 8.Kf1 Ne6
9.Ne5 Nc6 10.Nxc6 bxc6 11.d3 Nd4 12.Be3 e5 13.Rc1 Bd6 14.h3 O-O 15.g3 Rb8
16.b3 Kh8 17.Kg2 Qe7 18.Re1 Bd7 19.h4 Qd8 20.f3 Qe7 21.Rf1  1/2-1/2

[Event "Schwarzach Open A"]
[Site "Salzburg AUT"]
[Date "2001.09.02"]
[Round "9"]
[White "Hecht,HJ"]
[Black "Stephan,Ax"]
[Result "1/2-1/2"]
[WhiteElo "2428"]
[BlackElo "2278"]

1.Nf3 Nf6 2.c4 c5 3.Nc3 b6 4.e4 d6 5.d4 cxd4 6.Nxd4 Bb7 7.f3 e6 8.Be2 a6
9.O-O Qc7 10.Be3 Be7 11.Qd2 O-O 12.Rac1 Re8 13.Rfd1 Nbd7 14.Bf1 Rac8 15.Qf2 Bf8
16.Nb3 Rb8 17.Nd4 Rbc8 18.Nb3 Rb8 19.Nd4  1/2-1/2

[Event "TCh-YUG"]
[Site "Herceg Novi YUG"]
[Date "2001.09.03"]
[Round "1"]
[White "Solak,D"]
[Black "Popov,Si1"]
[Result "1/2-1/2"]
[WhiteElo "2486"]
[BlackElo "2358"]

1.c4 Nf6 2.Nc3 c5 3.Nf3 e6 4.e4 d6 5.d4 cxd4 6.Nxd4 a6 7.Be2 Be7 8.O-O O-O
9.Be3 Qc7 10.Qd2 Nbd7 11.f3 b6 12.Rfc1 Bb7 13.a4 Rac8 14.a5 bxa5 15.Nb3 Rfd8
16.Nxa5 Ba8 17.Bf1 Ne5 18.Kh1 h6 19.Qf2 Nfd7 20.b4 Rf8 21.Nb3 Nxc4 22.Bxc4 Qxc4
23.Nd5 Bxd5 24.Rxc4 Bxc4 25.Nd4 Ne5 26.Bd2 Bf6 27.Rd1 d5  1/2-1/2

[Event "TCh-YUG Women's Cup"]
[Site "Herceg Novi YUG"]
[Date "2001.09.06"]
[Round "4"]
[White "Vujic Katanic,B"]
[Black "Prudnikova,S"]
[Result "0-1"]
[WhiteElo "2126"]
[BlackElo "2406"]

1.Nf3 c5 2.c4 Nf6 3.Nc3 d5 4.cxd5 Nxd5 5.g3 Nc6 6.Bg2 Nc7 7.d3 e5 8.Be3 Be7
9.Nd2 Bd7 10.O-O O-O 11.Nc4 f6 12.a4 b6 13.f4 exf4 14.gxf4 f5 15.Ne5 Nxe5
16.fxe5 Rc8 17.d4 cxd4 18.Qxd4 Bc5 19.Qd3 Qe7 20.Bxc5 Qxc5+ 21.Kh1 Bc6 22.Rxf5 Rxf5
23.Qxf5 Rf8 24.Qg5 Ne6 25.Qg3 Bxg2+ 26.Qxg2 Qxe5 27.Qe4 Qxe4+ 28.Nxe4 Rf4
29.Nc3 Rb4 30.Ra2 Nc5 31.Kg2 Kf7 32.a5 b5 33.a6 Ne4 34.Nxe4 Rxe4 35.Kf3 Rb4
36.Ke3 Ke6 37.Kd3 Kd5 38.e3 Rb3+ 39.Kd2 g5  0-1

[Event "TCh-YUG"]
[Site "Herceg Novi YUG"]
[Date "2001.09.07"]
[Round "5"]
[White "Damljanovic,B"]
[Black "Popov,Si1"]
[Result "0-1"]
[WhiteElo "2549"]
[BlackElo "2358"]

1.c4 Nf6 2.Nc3 c5 3.Nf3 e6 4.g3 b6 5.Bg2 Bb7 6.O-O a6 7.Re1 d6 8.e4 Nbd7
9.d4 cxd4 10.Nxd4 Qc7 11.Be3 Be7 12.Rc1 O-O 13.f4 Rfe8 14.g4 Nc5 15.Bf2 d5
16.cxd5 Qxf4 17.d6 Bf8 18.Bg3 Qxg4 19.e5 Qxd1 20.Rcxd1 Bxg2 21.Kxg2 Nh5 22.Ne4 Nd7
23.Nc6 f5 24.Nd2 g5 25.Rc1 Rac8 26.Nb3 f4 27.Bf2 g4 28.Re4 Kf7 29.Rc3 Bh6
30.Rec4 f3+ 31.Kf1 Bf4 32.Be3 Bxe3 33.Rxe3 Ng7 34.Nbd4 h5 35.Nxf3 gxf3 36.Rxf3+ Nf5
37.a4 Rg8 38.b4 b5 39.axb5 axb5 40.Rcc3 Rg4  0-1

[Event "III Sants Hostafrancs Open"]
[Site "Barcelona ESP"]
[Date "2001.09.09"]
[Round "9"]
[White "Kalod,R"]
[Black "Van Wessel,R"]
[Result "1-0"]
[WhiteElo "2480"]
[BlackElo "2321"]

1.Nf3 Nf6 2.c4 c5 3.Nc3 g6 4.e3 Bg7 5.d4 O-O 6.Be2 cxd4 7.exd4 d5 8.O-O Nc6
9.h3 dxc4 10.Bxc4 b6 11.a3 Bb7 12.Ba2 e6 13.Re1 Ne7 14.Ne5 Nfd5 15.h4 Nxc3
16.bxc3 Nd5 17.Qg4 b5 18.Bd2 Rc8 19.a4 Nxc3 20.Nxf7 Rxf7 21.Bxe6 b4 22.Bxf7+ Kxf7
23.Qe6+ Kf8 24.Bg5 Qd5 25.Be7+ Ke8 26.Bxb4+ Qxe6 27.Rxe6+ Kd8 28.Rd6+ Ke8
29.Bxc3  1-0

[Event "TCh-CRO"]
[Site "Pula CRO"]
[Date "2001.09.11"]
[Round "2"]
[White "Tukmakov,V"]
[Black "Hulak,K"]
[Result "1-0"]
[WhiteElo "2604"]
[BlackElo "2566"]

1.Nf3 Nf6 2.c4 c5 3.Nc3 e6 4.g3 b6 5.Bg2 Bb7 6.O-O d6 7.Re1 Be7 8.e4 e5 9.d3 O-O
10.Nh4 Nc6 11.Nf5 Nd4 12.f4 a6 13.Nxd4 cxd4 14.Nd5 b5 15.b3 Nd7 16.Bh3 Bxd5
17.cxd5 Nc5 18.Ba3 Qb6 19.Bxc5 dxc5 20.fxe5 Qh6 21.Kg2 Bg5 22.Rf1 Bd2 23.Qf3 g6
24.Rf2 Be3 25.Rc2 Rae8 26.Rxc5 Rxe5 27.Rf1 Rh5 28.Rc8 f5 29.Rxf8+ Kxf8 30.exf5 gxf5
31.Qxh5 Qxh5 32.Rxf5+ Qxf5 33.Bxf5 h6 34.d6 b4 35.Kf3 Ke8 36.h4 Bd2 37.g4 Be1
38.g5 hxg5 39.hxg5 Bd2 40.Kg4 Kf8 41.Bc8  1-0

[Event "President's Cup"]
[Site "Abudhabi UAE"]
[Date "2001.09.12"]
[Round "1"]
[White "Saleh,Nag"]
[Black "Faisal,K"]
[Result "1-0"]
[WhiteElo "2252"]
[BlackElo "2247"]

1.Nf3 c5 2.c4 Nf6 3.Nc3 b6 4.g3 Bb7 5.Bg2 e6 6.O-O Be7 7.Re1 O-O 8.e4 d6
9.d4 cxd4 10.Nxd4 Qc8 11.Be3 a6 12.Rc1 Nbd7 13.f4 g6 14.Bf2 Re8 15.b3 Bf8
16.h3 Nc5 17.Qc2 Ra7 18.Rcd1 Qa8 19.b4 Ncd7 20.Bf1 e5 21.Nf3 exf4 22.Nd5 Bxd5
23.exd5 Rxe1 24.Rxe1 fxg3 25.Bxg3 a5 26.b5 Nc5 27.Nd4 Re7 28.Rxe7 Bxe7 29.Nc6 Bf8
30.Bh4 Bg7 31.Qf2 Nfe4 32.Qf4 Qe8 33.Bg2 f5 34.Bxe4 Qxe4 35.Qxe4 Nxe4 36.Bd8 Nd2
37.Bxb6 Nxc4 38.Bxa5 Nxa5 39.Nxa5 Kf7 40.Nc4 Ke7 41.Kg2 f4 42.Kf3 g5 43.Kg4 h6
44.a4 Kd7 45.b6 Bd4 46.a5 h5+ 47.Kf3 Bc5 48.a6 Kc8 49.b7+ Kc7 50.Na5 Ba7
51.Nc6 Bb8 52.Ke4  1-0

[Event "TCh-CRO"]
[Site "Pula CRO"]
[Date "2001.09.16"]
[Round "7"]
[White "Zivkovic,Vj"]
[Black "Palac,M"]
[Result "0-1"]
[WhiteElo "2356"]
[BlackElo "2578"]

1.Nf3 Nf6 2.c4 c5 3.Nc3 e6 4.g3 b6 5.Bg2 Bb7 6.O-O Be7 7.d4 cxd4 8.Qxd4 d6
9.b3 O-O 10.Rd1 Nbd7 11.Bg5 a6 12.Rac1 Qc7 13.Ne1 Rfd8 14.Bxb7 Qxb7 15.Ne4 h6
16.Bxf6 Nxf6 17.Nxf6+ Bxf6 18.Qd3 b5 19.Nf3 Rac8 20.cxb5 axb5 21.Rxc8 Rxc8
22.Nd4 Rc5 23.e4 d5 24.Qe3 Bg5 25.f4 Bd8 26.e5 Bb6 27.Kg2 b4 28.f5 exf5 29.e6 Rc2+
30.Kh3 g5 31.g4 Qc7 32.exf7+ Qxf7 33.Rd2 Rc3 34.Rd3 f4  0-1

[Event "TCh-CRO Jun"]
[Site "Pula CRO"]
[Date "2001.09.18"]
[Round "9"]
[White "Krkljes,S"]
[Black "Zufic,Z"]
[Result "1/2-1/2"]
[WhiteElo "2135"]
[BlackElo "2231"]

1.c4 c5 2.Nc3 Nf6 3.Nf3 e6 4.d4 cxd4 5.Nxd4 a6 6.e4 d6 7.Be3 Qc7 8.Be2 Be7
9.O-O Nbd7 10.Qd2 b6 11.f3 Bb7 12.Rac1 O-O 13.Rfd1 Rac8 14.b3 Qb8 15.Qe1 Bd8
16.g4 Ne5 17.g5 Nfd7 18.f4 Nc6 19.Bg4 Nxd4 20.Bxd4 Re8 21.Qh4 b5 22.Rd3 b4
23.Rh3 Nf8 24.Bxg7 Qa7+ 25.Kf1 Kxg7 26.f5 f6 27.Qh6+ Kh8 28.gxf6 Bc6 29.Bh5 Bxf6
30.Qxf6+ Qg7 31.Qxg7+ Kxg7 32.Bxe8 Rxe8 33.Ne2 Bxe4 34.fxe6 Nxe6 35.Rg3+ Kf6
36.Rd1 Ke5 37.Re3 Rf8+ 38.Kg1 Nf4 39.Nxf4 Rxf4 40.Rde1 d5 41.c5 Rf6 42.Rc1 Rc6
43.Kf2 Kd4 44.Ree1 Rf6+ 45.Kg3 Rg6+ 46.Kf4 Rf6+ 47.Kg5 Rg6+ 48.Kf4 Rf6+  1/2-1/2

[Event "6th ECCW"]
[Site "Belgrade YUG"]
[Date "2001.09.19"]
[Round "4"]
[White "Maric,A"]
[Black "Zhukova,N"]
[Result "1/2-1/2"]
[WhiteElo "2457"]
[BlackElo "2440"]

1.Nf3 Nf6 2.c4 c5 3.Nc3 e6 4.e4 Nc6 5.Be2 d5 6.exd5 exd5 7.d4 Be7 8.Be3 cxd4
9.Nxd4 Nxd4 10.Bxd4 dxc4 11.O-O O-O 12.Bxc4 b6 13.Be5 Bb7 14.Qb3 Qc8 15.Rad1 Qg4
16.Nd5 Nxd5 17.Bxd5 Bxd5 18.Rxd5 Rad8  1/2-1/2

[Event "6th ECCW"]
[Site "Belgrade YUG"]
[Date "2001.09.21"]
[Round "6"]
[White "Maric,A"]
[Black "Polovnikova,E"]
[Result "1/2-1/2"]
[WhiteElo "2457"]
[BlackElo "2368"]

1.Nf3 Nf6 2.c4 c5 3.Nc3 d5 4.cxd5 Nxd5 5.d4 Nxc3 6.bxc3 g6 7.e4 Bg7 8.Be3 O-O
9.Be2 b6 10.O-O cxd4 11.cxd4 Bb7 12.Qd3 Nc6 13.Rad1 Rc8 14.a3 Na5 15.Bf4 Qd7
16.Rc1 Qa4 17.Bd1 Qd7 18.Be2 Qa4 19.Bd1 Qd7 20.Be2 Qa4  1/2-1/2

[Event "ECC"]
[Site "Panormo GRE"]
[Date "2001.09.23"]
[Round "1"]
[White "Har Zvi,R"]
[Black "Coenen,N"]
[Result "1/2-1/2"]
[WhiteElo "2515"]
[BlackElo "2418"]

1.Nf3 c5 2.c4 Nf6 3.Nc3 d5 4.cxd5 Nxd5 5.g3 Nc6 6.Bg2 Nc7 7.a3 g6 8.d3 Bg7
9.O-O O-O 10.Be3 b6 11.Rc1 Bb7 12.Qa4 Nd4 13.Nxd4 Bxg2 14.Nc6  1/2-1/2

[Event "ECC"]
[Site "Panormo GRE"]
[Date "2001.09.24"]
[Round "2"]
[White "Rustemov,A"]
[Black "Colovic,A"]
[Result "1/2-1/2"]
[WhiteElo "2607"]
[BlackElo "2384"]

1.Nf3 c5 2.c4 Nf6 3.Nc3 e6 4.e3 Nc6 5.a3 d5 6.d4 Ne4 7.Bd3 Nxc3 8.bxc3 Be7
9.O-O O-O 10.Qc2 h6 11.Rd1 Na5 12.Ne5 dxc4 13.Nxc4 Nxc4 14.Bxc4 Qc7 15.Ba2 cxd4
16.exd4 Bd7 17.Bb1 f5 18.Ba2 Rac8 19.Bb2 Kh8 20.c4 Rfe8 21.Qe2 Bf6 22.Re1 Rcd8
23.c5 Bc6 24.Qh5 Qd7 25.Rad1 Bd5 26.Bb1 Rf8 27.Bc1  1/2-1/2

[Event "ECC"]
[Site "Panormo GRE"]
[Date "2001.09.24"]
[Round "2"]
[White "Tisdall,J"]
[Black "Markos,J"]
[Result "1-0"]
[WhiteElo "2492"]
[BlackElo "2479"]

1.Nf3 Nf6 2.c4 e6 3.Nc3 c5 4.g3 b6 5.Bg2 Bb7 6.O-O a6 7.Re1 d6 8.e4 Nbd7
9.d4 cxd4 10.Nxd4 Qc7 11.Be3 Be7 12.Rc1 Rc8 13.f4 Qb8 14.Bf2 O-O 15.e5 Ne8
16.Bh3 Rd8 17.Nd5 exd5 18.Nf5 dxc4 19.Nxe7+ Kh8 20.Qh5 Ba8 21.Bf5 h6 22.e6 Qb7
23.Be4 Ndf6 24.Bxb7 Nxh5 25.Ng6+ fxg6 26.e7 Nef6  1-0

[Event "ECC"]
[Site "Panormo GRE"]
[Date "2001.09.25"]
[Round "3"]
[White "Krivonosov,O"]
[Black "Quinn,M"]
[Result "1/2-1/2"]
[WhiteElo "2432"]
[BlackElo "2386"]

1.Nf3 Nf6 2.c4 c5 3.Nc3 d5 4.cxd5 Nxd5 5.d4 cxd4 6.Qxd4 Nxc3 7.Qxc3 Nc6 8.e4 e6
9.Bb5 Bd7 10.O-O Qb6 11.a4 Qc5 12.Qd3 Qd6 13.Qe2 a6 14.e5 Qc7 15.Bd3 Nb4
16.Be4 Bc6 17.Bd2 Bxe4 18.Qxe4 Qc6 19.Qg4 Nd3 20.b4 Rd8 21.Bg5 h5 22.Qh4 Rd5
23.b5 Qc7 24.bxa6 bxa6 25.Be3 Be7 26.Qe4 Nxe5 27.Nxe5 Qxe5 28.Qc4 O-O 29.Qxa6 Bd6
30.g3 Qe4 31.Rfe1 Qf5 32.Qc4 Bc5 33.Bxc5  1/2-1/2

[Event "ECC"]
[Site "Panormo GRE"]
[Date "2001.09.27"]
[Round "5"]
[White "Zvjaginsev,V"]
[Black "Pelletier,Y"]
[Result "1-0"]
[WhiteElo "2638"]
[BlackElo "2531"]

1.c4 Nf6 2.Nc3 c5 3.Nf3 e6 4.e4 Nc6 5.Be2 a6 6.O-O d6 7.d4 cxd4 8.Nxd4 Be7
9.Qd3 O-O 10.Nxc6 bxc6 11.Qg3 Nd7 12.Bh6 Bf6 13.Rad1 Qc7 14.Rd2 Kh8 15.Bg5 Be5
16.f4 Bxc3 17.Qxc3 f6 18.Bh4 Nc5 19.Qd4 Nb7 20.e5 dxe5 21.fxe5 c5 22.Qe3 f5
23.Rfd1 a5 24.a4 Ra6 25.Rd3 Rb6 26.b3 Kg8 27.Bh5 Rb4 28.Qf4 Qb6 29.Bf6 Qc7
30.Qg3  1-0

[Event "ECC"]
[Site "Panormo GRE"]
[Date "2001.09.29"]
[Round "7"]
[White "Ftacnik,L"]
[Black "Gunnarsson,J"]
[Result "1/2-1/2"]
[WhiteElo "2580"]
[BlackElo "2404"]

1.c4 c5 2.Nf3 Nf6 3.Nc3 b6 4.g3 Bb7 5.Bg2 e6 6.O-O Be7 7.Re1 O-O 8.e4 d6
9.d4 cxd4 10.Nxd4 Qc8 11.Be3 a6 12.Rc1 Nbd7 13.f4 Re8 14.Bf2 g6 15.e5 dxe5
16.fxe5 Nh5 17.Qe2 Bxg2 18.Kxg2 Ra7 19.Nf3 Qc6 20.Ne4 Nc5 21.Bxc5 bxc5 22.Qe3 Rd7
23.g4 Rd3 24.Qf2 Nf4+ 25.Kg3 g5 26.h4 h6 27.hxg5 hxg5 28.Re3 Red8 29.Rce1 Kg7
30.Nfxg5 Bxg5 31.Nxg5 Rd2 32.Qf3 Qxf3+ 33.Nxf3 Ng2 34.R3e2 Nxe1 35.Nxd2 Nd3
36.Nb3 Rd7 37.Kf3 a5 38.Nxa5 Ra7 39.b4 Nxb4 40.Nb3 Ra3 41.Kf4 Kg6 42.Rd2 Na6
43.Rd8 Rxa2 44.Nd2 Rc2 45.Ne4 Rxc4 46.Kf3 Rxe4 47.Kxe4 Nb4 48.Rg8+ Kh7 49.Rc8 Kg6
50.Rxc5 Nd5 51.Rc8 Ne7 52.Re8 Nd5 53.Kd4 Kg7 54.Ra8 Nf4 55.Kc5 Ng6 56.Kd6 Nf4
57.Ra1 Ng6 58.Rf1 Kg8 59.Rf2 Kg7 60.Rf6 Nf8 61.Ke7 Ng6+ 62.Ke8 Nxe5 63.g5 Ng4
64.Rxf7+ Kg6 65.Ke7 e5 66.Ke6 Kxg5 67.Kd5 Kg6 68.Rf3 Nf6+ 69.Kxe5 Ng4+ 70.Kf4 Nf6
71.Ra3 Nh5+ 72.Ke5 Kg5 73.Ra1 Kg4 74.Ra4+ Kg3 75.Ra3+ Kg4 76.Ra8 Ng3 77.Rg8+ Kf3
78.Rg7 Ne2 79.Rf7+ Ke3 80.Ra7 Kd3 81.Kd5 Nc3+ 82.Kc5 Ne4+ 83.Kb4 Kd4  1/2-1/2

[Event "ch-SLO"]
[Site "Grize SLO"]
[Date "2001.10.01"]
[Round "1"]
[White "Srebrnic,V"]
[Black "Podlesnik,B"]
[Result "1/2-1/2"]
[WhiteElo "2201"]
[BlackElo "2393"]

1.Nf3 c5 2.c4 Nf6 3.Nc3 e6 4.g3 d5 5.cxd5 Nxd5 6.Bg2 Nc6 7.O-O Be7 8.d4 O-O
9.e4 Ndb4 10.d5 exd5 11.exd5 Nd4 12.a3 Nbc2 13.Nxd4 Nxd4 14.Be3 Nf5 15.Bf4 Bd6
16.Bxd6 Nxd6 17.Ne4 b6 18.b4 Bf5 19.Nxd6 Qxd6 20.Qf3 Bd7 21.bxc5 Qxc5 22.Qf4 Rac8
23.Rfc1 Qa5 24.Rc7 Rxc7 25.Qxc7 Qa4 26.Qd6 Rc8 27.Re1 Bf5 28.h3 Qd7 29.Qxd7 Bxd7
30.Re7 Rd8 31.d6 a5 32.Bd5 Be8 33.d7 Bxd7 34.Rxf7 Kh8 35.Bb3 b5 36.g4 g6
37.f4 a4 38.Bc2 b4 39.axb4 a3 40.Bb3 Ba4 41.Be6 a2 42.Bxa2 Rd1+ 43.Kf2 Rd2+
44.Kg3 Rxa2 45.Kh4 Bb3 46.Rb7 Bd5 47.Rd7 Be6 48.Re7 Re2 49.Rb7 h6 50.b5 Re4
51.Re7 Bd5 52.Rd7 Bc4 53.b6 Rxf4 54.b7 Rf8 55.Rc7 Ba6 56.g5 h5 57.Kg3 Rb8
58.Rc6 Bxb7 59.Rxg6 Rf8 60.Rh6+ Kg7 61.Rxh5 Rf3+ 62.Kg4 Rc3 63.Rh6 Bc8+ 64.Kf4 Bxh3
65.Rb6 Bf1 66.Rb4 Rc1 67.Rb8 Rc2 68.Rb4 Rc1 69.Rb8 Rc3 70.Rb4 Rc6 71.Rd4 Rc3
72.Rb4 Rc6 73.Rd4 Rc7 74.Rd8 Kf7 75.Rh8 Kg7 76.Rd8 Kh7 77.Rf8 Kg7  1/2-1/2

[Event "TCh-BUL"]
[Site "Pamporovo BUL"]
[Date "2001.10.03"]
[Round "1"]
[White "Nikolov,R"]
[Black "Simeonov,S"]
[Result "0-1"]
[WhiteElo "2223"]
[BlackElo "2337"]

1.c4 Nf6 2.Nf3 c5 3.Nc3 e6 4.d4 a6 5.g3 cxd4 6.Nxd4 Qc7 7.Qd3 d6 8.Bg2 Nbd7
9.b3 Be7 10.O-O O-O 11.Bb2 Ne5 12.Qd2 Bd7 13.Rfd1 Rfd8 14.Rac1 Rac8 15.h3 Qb8
16.a4 Be8 17.Ba3 Bf8 18.e3 Ned7 19.a5 Ne5 20.Qa2 Nc6 21.Nxc6 Bxc6 22.e4 Qc7
23.Bb4 Be8 24.Na4 Bxa4 25.Qxa4 Nd7 26.Qa3 Ne5 27.Qa1 Be7 28.Bc3 Bf6 29.Qa3 Nc6  0-1

[Event "Chigorin Mem Open"]
[Site "St Petersburg RUS"]
[Date "2001.10.03"]
[Round "9"]
[White "Pushkov,N"]
[Black "Isajevsky,A"]
[Result "0-1"]
[WhiteElo "2541"]
[BlackElo "2333"]

1.Nf3 Nf6 2.c4 c5 3.Nc3 b6 4.g3 Bb7 5.Bg2 e6 6.O-O Be7 7.b3 O-O 8.Bb2 d6
9.e3 Nbd7 10.d4 a6 11.d5 exd5 12.Nh4 Re8 13.Nf5 Bf8 14.Nxd5 Bxd5 15.Bxd5 Nxd5
16.Qxd5 Nf6 17.Qf3 Re6 18.g4 Nxg4 19.Kh1 Ne5 20.Qd5 Ra7 21.f4 Ng4 22.Rf3 Nf6
23.Nh6+ gxh6 24.Rg3+ Bg7 25.Qg2 Ng4 26.Bxg7 Rg6 27.Rxg4 Kxg7 28.f5 Qf6 29.Rf1 Rg5
30.Qf3 Re7 31.Rf4 Kh8 32.Rd1 Re8 33.Qf2 Reg8 34.Rf3 Qe5 35.f6 Qe4 36.Rf1 R8g6
37.h3 Rg3 38.Kh2 Rxf3 39.Qxf3 Qxf3 40.Rxf3 Kg8 41.e4 Kf8 42.Rd3 Rxf6 43.Kg3 Ke7
44.Rd5 Rg6+ 45.Kf3 Rg5 46.Rd2 h5 47.Kf4 h6 48.Rb2 a5 49.a3 h4 50.b4 axb4
51.axb4 Rg3 52.bxc5 bxc5 53.e5 Rxh3 54.exd6+ Kxd6 55.Rb6+ Ke7 56.Rc6 Rc3
57.Rxc5 Kf6 58.Ke4 Kg6 59.Kd4 Rc1  0-1

[Event "5th Russian Cup Final"]
[Site "Kazan RUS"]
[Date "2001.10.04"]
[Round "3"]
[White "Vaulin,A"]
[Black "Timofeev,Ar"]
[Result "1-0"]
[WhiteElo "2545"]
[BlackElo "2521"]

1.c4 Nf6 2.Nc3 c5 3.Nf3 g6 4.e4 Nc6 5.d4 cxd4 6.Nxd4 Nxd4 7.Qxd4 d6 8.Bg5 Bg7
9.Be2 O-O 10.Qd2 Bd7 11.O-O Bc6 12.Bd3 a5 13.b3 Nd7 14.Rae1 Nc5 15.Nd5 Re8
16.Kh1 Rb8 17.Bb1 b5 18.cxb5 Bxb5 19.Rg1 Ne6 20.Be3 a4 21.b4 Bc4 22.Rc1 Bxd5
23.exd5 Nc7 24.Rc6 Nb5 25.Bd3 Qd7 26.Rgc1 Bd4 27.Bxd4 Nxd4 28.Rc7 Qd8 29.Bxg6 hxg6
30.Qxd4 e6 31.h3 exd5 32.Qxd5 Qf6 33.Qd2 a3 34.R7c4 Kg7 35.Rb1 Rb5 36.Rd4 Re6
37.Rf4 Qe5 38.Rd4 Rb8 39.Rb3 Ra8 40.Re3 Qg5 41.Rxe6 Qxd2 42.Rxd2 fxe6 43.Rxd6 Kf6
44.b5 Rb8 45.Ra6 Rxb5 46.Rxa3 Rb2 47.Kh2 Rc2 48.Kg3 Rb2 49.Ra8 Kf7 50.a4 Ra2
51.a5 Kg7 52.a6 Ra4 53.a7 Kh7 54.Kf3 Kg7 55.Ke3  1-0

[Event "ch-SLO"]
[Site "Grize SLO"]
[Date "2001.10.06"]
[Round "6"]
[White "Mikac,M"]
[Black "Podlesnik,B"]
[Result "1-0"]
[WhiteElo "2404"]
[BlackElo "2393"]

1.Nf3 c5 2.c4 Nf6 3.Nc3 e6 4.e3 b6 5.d4 cxd4 6.exd4 Bb7 7.Bd3 d5 8.cxd5 Nxd5
9.Ne5 a6 10.Qf3 Qe7 11.Be4 Nd7 12.O-O Nxe5 13.dxe5 O-O-O 14.Rd1 Kb8 15.Be3 Ka7
16.Nxd5 exd5 17.Bxd5 Rd7 18.Bxb7 Rxb7 19.Qd5 Qe6 20.Qxe6 fxe6 21.Rd8 g6 22.Rad1 Bg7
23.Rxh8 Bxh8 24.f4 g5 25.g3 gxf4 26.gxf4 Rg7+ 27.Kf2 Rf7 28.Kg3 Rg7+ 29.Kf3 Rf7
30.Ke4  1-0

[Event "TCh-BUL"]
[Site "Pamporovo BUL"]
[Date "2001.10.06"]
[Round "5"]
[White "Dovramadjiev,T"]
[Black "Simeonov,S"]
[Result "1/2-1/2"]
[WhiteElo "2310"]
[BlackElo "2337"]

1.c4 Nf6 2.Nc3 e6 3.Nf3 c5 4.g3 b6 5.Bg2 Bb7 6.O-O Be7 7.b3 O-O 8.Bb2 d6
9.d4 cxd4 10.Nxd4 Bxg2 11.Kxg2 Qc8 12.e3 Nbd7 13.Qe2 Rd8 14.Rfd1 Qb7+ 15.Qf3 d5
16.Kg1 Ne5 17.Qg2 Ne4 18.cxd5 exd5 19.Nde2 Ng4 20.Nxe4 dxe4 21.h3  1/2-1/2

[Event "ch-SLO"]
[Site "Grize SLO"]
[Date "2001.10.08"]
[Round "8"]
[White "Srebrnic,V"]
[Black "Novak,Je"]
[Result "1/2-1/2"]
[WhiteElo "2201"]
[BlackElo "2138"]

1.Nf3 c5 2.c4 Nf6 3.Nc3 e6 4.g3 b6 5.Bg2 Bb7 6.d4 cxd4 7.Qxd4 Be7 8.O-O d6
9.b3 Nbd7 10.Bb2 a6 11.Rfd1 O-O 12.Rac1 Qb8 13.Ne1 Bxg2 14.Nxg2 Qb7 15.Ne3 Rfd8
16.Ng4 Nxg4 17.Qxg4 Nf6 18.Qd4 Rd7 19.Qd3 Rad8 20.e4 d5 21.cxd5 exd5 22.Nxd5 Nxd5
23.exd5  1/2-1/2

[Event "ULIM Cup"]
[Site "Kishnev MDA"]
[Date "2001.10.09"]
[Round "3"]
[White "Stepa,D"]
[Black "Tikhomirov,S"]
[Result "1-0"]
[WhiteElo "2278"]
[BlackElo "2357"]

1.Nf3 c5 2.c4 Nf6 3.Nc3 e6 4.g3 b6 5.Bg2 Bb7 6.O-O Be7 7.Re1 d5 8.cxd5 Nxd5
9.Nxd5 Qxd5 10.d3 O-O 11.Bd2 Bf6 12.Bc3 Bxc3 13.bxc3 Qd6 14.Qa4 Nd7 15.Qh4 h6
16.g4 Rad8 17.a4 Qf4 18.Qg3 Qxg3 19.hxg3 Rb8 20.c4 Bc6 21.Reb1 Rb7 22.Rb2 Rfb8
23.g5 hxg5 24.Nxg5 Bxg2 25.Kxg2 Kf8 26.f4 Ke7 27.Rab1 Ra8 28.Ne4 Rbb8 29.Kf3 Rh8
30.a5 Rab8 31.Ra1 Rb7 32.Nc3 Nb8 33.axb6 axb6 34.Ra8 Rd8 35.Ne4 Rc8 36.g4 Rcc7
37.g5 g6 38.Nf6 Nd7 39.Ng8+ Kd6 40.e4 e5 41.f5 Ra7 42.Rd8  1-0